Father Ted Song Quiz Stats

Quiz not verified by Sporcle

Also try: LOST by Surname
Challenge
Share
Tweet
Embed
Score 0/82 Timer 03:00
0 Plays Today
Answer % Correct
My
98.4%
My
98.4%
My
98.4%
My
98.4%
the
97.8%
the
97.8%
the
97.8%
the
97.8%
the
97.8%
I
97.3%
a
97.3%
a
97.3%
a
97.3%
a
97.3%
horse.
96.7%
horse,
96.7%
horse
96.7%
horse.
96.7%
horse,
96.7%
lovely
96.2%
lovely
96.2%
lovely
96.2%
lovely
96.2%
lovely
96.2%
lovely
96.2%
lovely
96.2%
lovely
96.2%
you
94.6%
Answer % Correct
you
94.6%
you
94.6%
you
94.6%
in
93.5%
to
93.5%
to
93.5%
in
93.5%
in
93.5%
with
92.9%
with
92.9%
with
92.9%
field.
92.4%
and
91.8%
and
91.8%
running
91.3%
your
91.3%
your
91.3%
Running
91.3%
your
91.3%
sugar
90.8%
through
90.2%
want
90.2%
lumps
89.7%
wind?
88%
shower
87.5%
blowing
86.4%
are
84.8%
fetlocks
84.8%
Answer % Correct
dentist.
84.8%
Where
84.2%
going
83.2%
ride
81.5%
over
81.5%
fences.
81%
night,
80.4%
night...
80.4%
man
78.8%
on
77.2%
train
76.6%
train
76.6%
back
76.1%
like
76.1%
like
76.1%
no
73.4%
around
72.3%
pony
71.7%
more.
71.2%
you're
68.5%
bring
67.9%
every
66.3%
day
65.8%
single
62.5%
hooves
61.4%
Polish
60.3%

You're not logged in!

Compare scores with friends on all Sporcle quizzes.
Sign Up with Email
OR
Log In

You Might Also Like...

Show Comments

Extras

Top Quizzes Today


Score Distribution

Your Account Isn't Verified!

In order to create a playlist on Sporcle, you need to verify the email address you used during registration. Go to your Sporcle Settings to finish the process.

Report this User

Report this user for behavior that violates our Community Guidelines.

Details: